| 000 | 01098nam a2200313Ia 4500 | ||
|---|---|---|---|
| 003 | GCL | ||
| 008 | 140319s9999 xx 000 0 ara d | ||
| 040 |
_aGCL / _cGCL |
||
| 082 | 0 | 4 |
_aق _b962.052 _bع ت |
| 100 | 1 | _aعبدالعظيم محمد رمضان | |
| 245 | 1 | 0 |
_aتطور الحركة الوطنية فى مصر من سنة 1918 الى 1936 / _cعبدالعظيم محمد رمضان |
| 250 | _aالثانية | ||
| 260 |
_aالقاهرة : _bمكتبة مدبولى ، _c1983 |
||
| 300 |
_a831 ص ؛ _c24 سم |
||
| 490 |
_aدراسات فى القومية العربية _v0 |
||
| 650 | 0 | 4 | _aالعصر الحديث |
| 650 | 0 | 4 | _aمصر |
| 650 | 0 | 4 | _aتاريخ |
| 650 | 0 | 4 | _aالاحوال السياسية |
| 650 | 0 | 4 | _aالسودان |
| 650 | 0 | 4 | _aالمقاومة الشعبية |
| 650 | 0 | 4 | _aالدستور |
| 650 | 0 | 4 | _aالملك فؤاد |
| 650 | 0 | 4 | _aالجيش المصرى |
| 650 | 0 | 4 | _aرجال الدولة |
| 650 | 0 | 4 | _aالاحتلال البريطانى |
| 650 | 0 | 4 | _aمصر - تاريخ - العصر الحديث - ثورة 1919 |
| 942 |
_2ddc _cBK |
||
| 999 |
_c58764 _d58764 |
||